<?xml version="1.0" encoding="UTF-8"?>
<record
    xmlns:xsi="http://www.w3.org/2001/XMLSchema-instance"
    xsi:schemaLocation="http://www.loc.gov/MARC21/slim http://www.loc.gov/standards/marcxml/schema/MARC21slim.xsd"
    xmlns="http://www.loc.gov/MARC21/slim">

  <leader>01560nam a2200325   4500</leader>
  <controlfield tag="001">325</controlfield>
  <controlfield tag="003">OSt</controlfield>
  <controlfield tag="005">20250528074018.0</controlfield>
  <controlfield tag="008">250327b        |||||||g |||| 00| 1 eng d</controlfield>
  <datafield tag="040" ind1=" " ind2=" ">
    <subfield code="b">por</subfield>
  </datafield>
  <datafield tag="041" ind1=" " ind2=" ">
    <subfield code="h">eng</subfield>
    <subfield code="a">por</subfield>
  </datafield>
  <datafield tag="082" ind1=" " ind2=" ">
    <subfield code="a">028.5</subfield>
    <subfield code="b">B972k</subfield>
  </datafield>
  <datafield tag="100" ind1="1" ind2=" ">
    <subfield code="a">Burroughs, Edgar Rice,</subfield>
    <subfield code="d">1875-1950</subfield>
    <subfield code="9">665</subfield>
  </datafield>
  <datafield tag="240" ind1=" " ind2=" ">
    <subfield code="a">Korak The son of Tarzan, n&#xB0; 02</subfield>
  </datafield>
  <datafield tag="245" ind1=" " ind2=" ">
    <subfield code="a">Korak</subfield>
    <subfield code="b">O filho de Tarzan, n&#xB0; 02 / </subfield>
    <subfield code="c">Burroughs, Edgar Rice ; Hist&#xF3;ria de Len Wein</subfield>
  </datafield>
  <datafield tag="260" ind1=" " ind2=" ">
    <subfield code="a">S&#xE3;o Paulo</subfield>
    <subfield code="b">EBAL</subfield>
    <subfield code="c">1976</subfield>
  </datafield>
  <datafield tag="300" ind1=" " ind2=" ">
    <subfield code="a">34 p.</subfield>
    <subfield code="b">il.</subfield>
  </datafield>
  <datafield tag="490" ind1="1" ind2=" ">
    <subfield code="a">Korak O filho de Tarzan</subfield>
    <subfield code="v">vol. 02</subfield>
  </datafield>
  <datafield tag="520" ind1=" " ind2=" ">
    <subfield code="a">Jack apareceu pela primeira vez como uma crian&#xE7;a no romance Eternal Love (mais tarde renomeado para The Eternal Savage), em que o Homem Macaco e sua fam&#xED;lia desempenham pap&#xE9;is secund&#xE1;rios. Sua pr&#xF3;xima apari&#xE7;&#xE3;o (ainda como uma crian&#xE7;a) foi em The Beasts of Tarzan, o terceiro romance Tarzan, em que ele foi raptado e levado para a &#xC1;frica. A hist&#xF3;ria de sua juventude e de crescimento para a maturidade foi contada no quarto romance, O Filho de Tarzan, em que ele retornou &#xE0; &#xC1;frica e viveu na selva, levando pela primeira vez o nome Korak ("Assassino", na l&#xED;ngua mangani). A maioria das refer&#xEA;ncias a ele foram como "Korak o assassino."

</subfield>
  </datafield>
  <datafield tag="650" ind1=" " ind2="0">
    <subfield code="a">Literatura Americana</subfield>
    <subfield code="9">84</subfield>
  </datafield>
  <datafield tag="650" ind1=" " ind2="0">
    <subfield code="a">Infantojuvenil</subfield>
    <subfield code="9">200</subfield>
  </datafield>
  <datafield tag="650" ind1=" " ind2="0">
    <subfield code="a">Aventura</subfield>
    <subfield code="9">47</subfield>
  </datafield>
  <datafield tag="650" ind1=" " ind2="0">
    <subfield code="a">A&#xE7;&#xE3;o</subfield>
    <subfield code="9">64</subfield>
  </datafield>
  <datafield tag="650" ind1=" " ind2="0">
    <subfield code="a">Selva</subfield>
    <subfield code="9">666</subfield>
  </datafield>
  <datafield tag="655" ind1=" " ind2="0">
    <subfield code="a">HQs</subfield>
    <subfield code="9">247</subfield>
  </datafield>
  <datafield tag="655" ind1=" " ind2="0">
    <subfield code="a">Fic&#xE7;&#xE3;o </subfield>
    <subfield code="9">22</subfield>
  </datafield>
  <datafield tag="700" ind1=" " ind2=" ">
    <subfield code="a">Len Wein</subfield>
    <subfield code="e">Hist&#xF3;ria</subfield>
    <subfield code="9">667</subfield>
  </datafield>
  <datafield tag="830" ind1=" " ind2=" ">
    <subfield code="a">Korak O filho de Tarzan</subfield>
    <subfield code="v">vol. 02</subfield>
    <subfield code="9">668</subfield>
  </datafield>
  <datafield tag="942" ind1=" " ind2=" ">
    <subfield code="2">ddc</subfield>
    <subfield code="n">0</subfield>
    <subfield code="c">BK</subfield>
  </datafield>
  <datafield tag="952" ind1=" " ind2=" ">
    <subfield code="0">0</subfield>
    <subfield code="1">0</subfield>
    <subfield code="2">ddc</subfield>
    <subfield code="3">vol. 02</subfield>
    <subfield code="4">0</subfield>
    <subfield code="7">0</subfield>
    <subfield code="8">GIB</subfield>
    <subfield code="a">BIBIB</subfield>
    <subfield code="b">BIBIB</subfield>
    <subfield code="c">HGM</subfield>
    <subfield code="d">2025-03-27</subfield>
    <subfield code="l">0</subfield>
    <subfield code="o">IJ 028.5 / B972k</subfield>
    <subfield code="p">2025-17278</subfield>
    <subfield code="r">2025-03-27 09:29:58</subfield>
    <subfield code="w">2025-03-27</subfield>
    <subfield code="y">BK</subfield>
  </datafield>
  <datafield tag="999" ind1=" " ind2=" ">
    <subfield code="c">325</subfield>
    <subfield code="d">325</subfield>
  </datafield>
</record>
